| 000 | 00992nam a2200265 4500 | ||
|---|---|---|---|
| 001 | 174922 | ||
| 003 | ES-MaACL | ||
| 005 | 20250804232325.0 | ||
| 008 | 100709s2007 sp af |||| | spa d | ||
| 020 | _a978-84-96812-02-4 | ||
| 080 | _a738.034/.036(460)(083.824) | ||
| 245 | 0 | 0 |
_aMesamorfosis _b: [exposición] / _ctextos, Marie Geneviève Alquier B., Margarita Becerrill Roca, Carlos d'Ors]. |
| 260 |
_aAlcalá de Henares : _bFundación Colegio del Rey, _c2007. |
||
| 300 |
_a[56] p. : _bprincipalmente il. col. ; _c26 cm. |
||
| 650 | 7 |
_aCerámica- _zEspaña- _yS.XX- _vExposiciones. _910889 |
|
| 655 | 7 |
_2tgfbne _9193628 _aCatálogos de exposiciones |
|
| 700 | 1 |
_aAlquier B., Marie Geneviève. _9143206 |
|
| 700 | 1 |
_aBecerril Roca, Margarita. _9143207 |
|
| 700 | 1 |
_aOrs Führer, Carlos d'. _987369 |
|
| 710 | 2 |
_aFundación Colegio del Rey. _94254 |
|
| 710 | 2 |
_aEscuela de Cerámica de la Moncloa _93573 |
|
| 852 | 4 |
_aES-MaACL _j2280-F-4 |
|
| 942 | _2udc | ||
| 999 |
_c174922 _d174922 |
||